Music for the world /

The musical era that began at the turn of the 20th century was filled with turbulent change for Russia. Virtuoso performers emerged from the conservatories, and one world-class composer followed another. Scriabin and Rimsky-Korsakov were two such composers, but Rachmaninov and Stravinsky lived abr...

Full description

Bibliographic Details
Corporate Authors: Granada Television International, Films for the Humanities (Firm)
Other Authors: Rachmaninoff, Sergei, 1873-1943, Scriabin, Aleksandr Nikolayevich, 1872-1915, Stravinsky, Igor, 1882-1971, Prokofiev, Sergey, 1891-1953
Format: Video DVD
Language:English
Published: Princeton, NJ : Films for the Humanities, [2004]
Series:Man and music (DVD videodiscs)
Subjects:

MARC

Tag First Indicator Second Indicator Subfields
LEADER 00000cgm a2200000 a 4500
001 in00002016145
005 20151031153150.0
007 vd cvaizu
008 041215p20041989enk053 g vleng d
028 4 3 |a FFH 2068  |b Films for the Humanities 
040 |a TXA  |c TXA  |d UtOrBLW 
043 |a e-ur--- 
049 |a TXAM 
090 |a ML300  |b .M87 2004 
245 0 0 |a Music for the world /  |c Granada Television International. 
264 1 |a Princeton, NJ :  |b Films for the Humanities,  |c [2004] 
300 |a 1 DVD-video (53 min.) :  |b sound, color ;  |c 4 3/4 in. 
336 |a two-dimensional moving image  |b tdi  |2 rdacontent 
337 |a video  |b v  |2 rdamedia 
338 |a videodisc  |b vd  |2 rdacarrier 
490 1 |a Man and music 
538 |a DVD. 
500 |a Videodisc release of the 1989 production. 
520 |a The musical era that began at the turn of the 20th century was filled with turbulent change for Russia. Virtuoso performers emerged from the conservatories, and one world-class composer followed another. Scriabin and Rimsky-Korsakov were two such composers, but Rachmaninov and Stravinsky lived abroad, showing that Russian music had entered the Western world on its own terms. 
505 2 |a Sections of: Second Piano Concerto / Rachmaninov -- Poeme del'extase / Scriabin -- Petrushka / Stravinsky-- First Piano Concerto / Prokofiev. 
500 |a Videorecording. 
650 0 |a Music  |z Soviet Union  |y 20th century  |x History and criticism. 
650 0 |a Composers  |z Soviet Union  |v Biography. 
655 7 |a Documentary television programs.  |2 lcgft 
700 1 |a Rachmaninoff, Sergei,  |d 1873-1943. 
700 1 |a Scriabin, Aleksandr Nikolayevich,  |d 1872-1915. 
700 1 |a Stravinsky, Igor,  |d 1882-1971. 
700 1 |a Prokofiev, Sergey,  |d 1891-1953. 
710 2 |a Granada Television International. 
710 2 |a Films for the Humanities (Firm) 
830 0 |a Man and music (DVD videodiscs) 
945 |a DVD temp. 
948 |a cataloged  |b h  |c 2004/12/15  |d c  |e mphillip  |f 11:23:06 am 
999 |a MARS 
999 f f |s 86335861-ff74-33a0-b4be-71547720e649  |i 2effec3f-930b-3f54-94fc-867a3f4f29a5  |t 0 
952 f f |p dvd  |a Texas A&M University  |b College Station  |c Sterling C. Evans Library  |d Evans: Media and Reserves (Annex 1st floor)  |t 0  |e ML300 .M87 2004  |h Library of Congress classification  |i video -- videodisc  |m A14832518719 
998 f f |a ML300 .M87 2004  |t 0  |l Evans: Media and Reserves (Annex 1st floor)